[Event "Grand Swiss "]
[Date "2025.09.13"]
[White "Grischuk, Alexander"]
[Black "Lagarde, Maxime"]
[WhiteElo "2657"]
[BlackElo "2609"]
[Round "8.8.30"]
[Result "1/2-1/2"]

1. e4 {[%clk 01:40:52] [%emt 00:00:07]} c5 {[%clk 01:40:57] [%emt 00:00:03]} 2.
Nf3 {[%clk 01:41:07] [%emt 00:00:15]} d6 {[%clk 01:41:23] [%emt 00:00:05]} 3. d4
{[%clk 01:36:21] [%emt 00:05:16]} cxd4 {[%clk 01:41:48] [%emt 00:00:05]} 4. Nxd4
{[%clk 01:36:48] [%emt 00:00:02]} Nf6 {[%clk 01:42:13] [%emt 00:00:05]} 5. Nc3
{[%clk 01:37:10] [%emt 00:00:08]} Nc6 {[%clk 01:42:32] [%emt 00:00:11]} 6. Bg5
{[%clk 01:37:15] [%emt 00:00:26]} e6 {[%clk 01:42:54] [%emt 00:00:09]} 7. Qd2
{[%clk 01:37:40] [%emt 00:00:04]} a6 {[%clk 01:43:16] [%emt 00:00:09]} 8. O-O-O
{[%clk 01:37:58] [%emt 00:00:11]} Bd7 {[%clk 01:43:30] [%emt 00:00:16]} 9. Kb1
{[%clk 01:36:23] [%emt 00:02:05]} Nxd4 {[%clk 01:14:13] [%emt 00:29:48]} 10.
Qxd4 {[%clk 01:33:40] [%emt 00:03:12]} h6 {[%clk 01:14:19] [%emt 00:00:24]} 11.
Be3 {[%clk 01:27:42] [%emt 00:06:28]} Ng4 {[%clk 01:09:29] [%emt 00:05:20]} 12.
Bc1 {[%clk 01:23:25] [%emt 00:04:46]} Qf6 {[%clk 01:02:50] [%emt 00:07:10]} 13.
e5 {[%clk 01:20:13] [%emt 00:03:42]} Nxe5 {[%clk 01:03:13] [%emt 00:00:06]} 14.
Ne4 {[%clk 01:20:37] [%emt 00:00:05]} Qd8 {[%clk 01:02:38] [%emt 00:01:06]} 15.
Nxd6+ {[%clk 01:09:55] [%emt 00:11:12]} Bxd6 {[%clk 01:03:03] [%emt 00:00:05]}
16. Qxd6 {[%clk 01:10:13] [%emt 00:00:13]} Bc6 {[%clk 01:03:04] [%emt 00:00:29]}
17. b3 {[%clk 01:10:00] [%emt 00:00:42]} Qxd6 {[%clk 00:59:53] [%emt 00:03:41]}
18. Rxd6 {[%clk 01:08:40] [%emt 00:01:50]} O-O {[%clk 00:59:18] [%emt 00:01:05]}
19. f3 {[%clk 01:04:45] [%emt 00:04:25]} Rfd8 {[%clk 00:58:17] [%emt 00:01:31]}
20. Rxd8+ {[%clk 01:03:34] [%emt 00:01:41]} Rxd8 {[%clk 00:58:42] [%emt
00:00:05]} 21. Be2 {[%clk 01:04:00] [%emt 00:00:04]} f6 {[%clk 00:48:50] [%emt
00:10:22]} 22. Re1 {[%clk 00:39:13] [%emt 00:25:18]} g5 {[%clk 00:47:57] [%emt
00:01:23]} 23. Bb2 {[%clk 00:20:18] [%emt 00:19:25]} Kg7 {[%clk 00:43:12] [%emt
00:05:14]} 24. Kc1 {[%clk 00:15:07] [%emt 00:05:42]} Ng6 {[%clk 00:41:19] [%emt
00:02:23]} 25. Rd1 {[%clk 00:14:41] [%emt 00:00:56]} Rxd1+ {[%clk 00:41:01]
[%emt 00:00:49]} 26. Kxd1 {[%clk 00:14:42] [%emt 00:00:28]} Nh4 {[%clk 00:36:36]
[%emt 00:04:54]} 27. Bf1 {[%clk 00:14:08] [%emt 00:01:05]} e5 {[%clk 00:34:12]
[%emt 00:02:55]} 28. Ke2 {[%clk 00:07:52] [%emt 00:06:45]} g4 {[%clk 00:23:20]
[%emt 00:11:21]} 29. fxg4 {[%clk 00:08:11] [%emt 00:00:12]} Nxg2 {[%clk
00:23:36] [%emt 00:00:14]} 30. Kf2 {[%clk 00:06:57] [%emt 00:01:44]} Nf4 {[%clk
00:23:59] [%emt 00:00:07]} 31. Bc1 {[%clk 00:05:37] [%emt 00:01:50]} Ne6 {[%clk
00:17:10] [%emt 00:07:20]} 32. Ke3 {[%clk 00:03:01] [%emt 00:03:06]} Nf4 {[%clk
00:09:43] [%emt 00:07:57]} 33. Kf2 {[%clk 00:02:31] [%emt 00:01:00]} Ne6 {[%clk
00:10:09] [%emt 00:00:04]} 34. Be3 {[%clk 00:01:50] [%emt 00:01:10]} Be4 {[%clk
00:05:47] [%emt 00:04:52]} 35. c4 {[%clk 00:02:03] [%emt 00:00:17]} h5 {[%clk
00:04:19] [%emt 00:01:58]} 36. gxh5 {[%clk 00:02:03] [%emt 00:00:30]} f5 {[%clk
00:04:46] [%emt 00:00:04]} 37. b4 {[%clk 00:01:35] [%emt 00:00:59]} Kf6 {[%clk
00:01:41] [%emt 00:03:35]} 38. Bc1 {[%clk 00:01:49] [%emt 00:00:16]} Nd8 {[%clk
00:00:42] [%emt 00:01:29]} 39. a4 {[%clk 00:01:48] [%emt 00:00:31]} Nf7 {[%clk
00:00:49] [%emt 00:00:23]} 40. b5 {[%clk 00:01:13] [%emt 00:01:04]} f4 {[%clk
00:00:58] [%emt 00:00:21]} 41. a5 {[%clk 00:30:30] [%emt 00:21:13]} Bf5 {[%clk
00:42:57] [%emt 00:08:31]} 42. bxa6 {[%clk 00:24:03] [%emt 00:06:58]} bxa6
{[%clk 00:42:44] [%emt 00:00:43]} 43. c5 {[%clk 00:24:31] [%emt 00:00:01]} Bc8
{[%clk 00:38:56] [%emt 00:04:18]} 44. Bd3 {[%clk 00:12:14] [%emt 00:12:48]} Bb7
{[%clk 00:29:55] [%emt 00:09:31]} 45. c6 {[%clk 00:01:38] [%emt 00:11:05]} Bxc6
{[%clk 00:30:17] [%emt 00:00:08]} 46. Bxa6 {[%clk 00:02:06] [%emt 00:00:02]} Kg5
{[%clk 00:24:21] [%emt 00:06:26]} 47. Be2 {[%clk 00:02:26] [%emt 00:00:10]} e4
{[%clk 00:23:10] [%emt 00:01:42]} 48. h4+ {[%clk 00:02:43] [%emt 00:00:12]} Kf5
{[%clk 00:23:37] [%emt 00:00:04]} 49. a6 {[%clk 00:02:52] [%emt 00:00:21]} e3+
{[%clk 00:14:47] [%emt 00:09:19]} 50. Bxe3 {[%clk 00:03:15] [%emt 00:00:06]}
fxe3+ {[%clk 00:15:15] [%emt 00:00:03]} 51. Kxe3 {[%clk 00:03:39] [%emt
00:00:05]} Nd6 {[%clk 00:15:21] [%emt 00:00:25]} 52. Kd4 {[%clk 00:03:49] [%emt
00:00:20]} Bb7 {[%clk 00:12:39] [%emt 00:03:12]} 53. axb7 {[%clk 00:01:42] [%emt
00:02:36]} 1/2-1/2

[Site "Europe Echecs"]

[Event "Grand Swiss "]
[Date "2025.09.13"]
[White "Demchenko, Anton"]
[Black "Gelfand, Boris"]
[WhiteElo "2620"]
[BlackElo "2652"]
[Round "8.8.31"]
[Result "1-0"]

1. c4 {[%clk 01:40:56] [%emt 00:00:03]} c5 {[%clk 01:40:56] [%emt 00:00:05]} 2.
g3 {[%clk 01:41:22] [%emt 00:00:04]} g6 {[%clk 01:41:07] [%emt 00:00:19]} 3. Bg2
{[%clk 01:41:42] [%emt 00:00:09]} Bg7 {[%clk 01:41:34] [%emt 00:00:04]} 4. Nc3
{[%clk 01:42:05] [%emt 00:00:06]} Nc6 {[%clk 01:41:56] [%emt 00:00:09]} 5. Nf3
{[%clk 01:42:19] [%emt 00:00:15]} d6 {[%clk 01:41:14] [%emt 00:01:13]} 6. O-O
{[%clk 01:42:41] [%emt 00:00:07]} Bg4 {[%clk 01:41:03] [%emt 00:00:41]} 7. h3
{[%clk 01:38:08] [%emt 00:05:03]} Bxf3 {[%clk 01:40:51] [%emt 00:00:43]} 8. Bxf3
{[%clk 01:38:33] [%emt 00:00:05]} Qd7 {[%clk 01:40:51] [%emt 00:00:29]} 9. Bg2
{[%clk 01:37:26] [%emt 00:01:38]} e6 {[%clk 01:39:51] [%emt 00:01:30]} 10. a3
{[%clk 01:27:04] [%emt 00:10:51]} Nge7 {[%clk 01:38:57] [%emt 00:01:25]} 11. Rb1
{[%clk 01:23:26] [%emt 00:04:08]} Rc8 {[%clk 01:18:46] [%emt 00:20:41]} 12. d3
{[%clk 01:15:38] [%emt 00:08:18]} O-O {[%clk 01:16:34] [%emt 00:02:42]} 13. h4
{[%clk 01:15:06] [%emt 00:01:02]} b6 {[%clk 01:08:12] [%emt 00:08:52]} 14. Bd2
{[%clk 01:08:16] [%emt 00:07:19]} d5 {[%clk 01:05:10] [%emt 00:03:33]} 15. cxd5
{[%clk 01:07:49] [%emt 00:00:57]} exd5 {[%clk 00:59:56] [%emt 00:05:45]} 16. Qa4
{[%clk 00:47:38] [%emt 00:20:40]} d4 {[%clk 00:50:40] [%emt 00:09:45]} 17. Ne4
{[%clk 00:47:22] [%emt 00:00:47]} Nd5 {[%clk 00:50:21] [%emt 00:00:49]} 18. b4
{[%clk 00:43:38] [%emt 00:04:14]} cxb4 {[%clk 00:36:57] [%emt 00:13:54]} 19.
Bxb4 {[%clk 00:42:33] [%emt 00:01:35]} Rfd8 {[%clk 00:28:09] [%emt 00:09:18]}
20. Nd6 {[%clk 00:37:26] [%emt 00:05:36]} Nc3 {[%clk 00:27:29] [%emt 00:01:10]}
21. Bxc3 {[%clk 00:37:29] [%emt 00:00:27]} Qxd6 {[%clk 00:27:52] [%emt
00:00:07]} 22. Bd2 {[%clk 00:37:40] [%emt 00:00:20]} Rc7 {[%clk 00:20:36] [%emt
00:07:47]} 23. Rb5 {[%clk 00:28:57] [%emt 00:09:12]} Qe6 {[%clk 00:18:24] [%emt
00:02:42]} 24. Rc1 {[%clk 00:26:54] [%emt 00:02:33]} Rdc8 {[%clk 00:15:05] [%emt
00:03:49]} 25. Bf4 {[%clk 00:26:11] [%emt 00:01:13]} Ne5 {[%clk 00:13:50] [%emt
00:01:45]} 26. Rxc7 {[%clk 00:25:47] [%emt 00:00:53]} Rxc7 {[%clk 00:13:16]
[%emt 00:01:05]} 27. Rd5 {[%clk 00:26:03] [%emt 00:00:14]} h6 {[%clk 00:10:43]
[%emt 00:03:04]} 28. Rxd4 {[%clk 00:20:12] [%emt 00:06:20]} Kh7 {[%clk 00:10:53]
[%emt 00:00:20]} 29. Rd8 {[%clk 00:18:12] [%emt 00:02:30]} Re7 {[%clk 00:10:35]
[%emt 00:00:48]} 30. Qb4 {[%clk 00:16:05] [%emt 00:02:37]} Rd7 {[%clk 00:07:00]
[%emt 00:04:05]} 31. Rxd7 {[%clk 00:13:53] [%emt 00:02:42]} Nxd7 {[%clk
00:05:48] [%emt 00:01:42]} 32. e3 {[%clk 00:08:45] [%emt 00:05:38]} Nc5 {[%clk
00:05:11] [%emt 00:01:07]} 33. Qb5 {[%clk 00:06:58] [%emt 00:02:17]} a6 {[%clk
00:01:50] [%emt 00:03:51]} 34. Qb1 {[%clk 00:07:23] [%emt 00:00:05]} Qf5 {[%clk
00:01:43] [%emt 00:00:37]} 35. Bf1 {[%clk 00:05:40] [%emt 00:02:14]} Ne6 {[%clk
00:01:31] [%emt 00:00:42]} 36. Bd6 {[%clk 00:05:38] [%emt 00:00:31]} b5 {[%clk
00:01:41] [%emt 00:00:20]} 37. Qb4 {[%clk 00:05:27] [%emt 00:00:41]} Qf6 {[%clk
00:01:35] [%emt 00:00:37]} 38. Be7 {[%clk 00:04:55] [%emt 00:01:02]} Qa1 {[%clk
00:00:49] [%emt 00:01:15]} 39. d4 {[%clk 00:05:00] [%emt 00:00:25]} Qa2 {[%clk
00:00:58] [%emt 00:00:22]} 40. Qd6 {[%clk 00:03:41] [%emt 00:01:48]} Bh8 {[%clk
00:00:56] [%emt 00:00:32]} 41. h5 {[%clk 00:50:02] [%emt 00:04:09]} 1-0

[Site "Europe Echecs"]

[Event "Grand Swiss "]
[Date "2025.09.13"]
[White "Bjerre, Jonas Buhl"]
[Black "Najer, Evgeniy"]
[WhiteElo "2651"]
[BlackElo "2613"]
[Round "8.8.32"]
[Result "1-0"]

1. e4 {[%clk 01:40:54] [%emt 00:00:04]} e5 {[%clk 01:40:48] [%emt 00:00:14]} 2.
Nf3 {[%clk 01:41:17] [%emt 00:00:06]} Nc6 {[%clk 01:41:13] [%emt 00:00:04]} 3.
Bb5 {[%clk 01:41:40] [%emt 00:00:07]} a6 {[%clk 01:41:32] [%emt 00:00:12]} 4.
Ba4 {[%clk 01:42:05] [%emt 00:00:05]} Nf6 {[%clk 01:41:58] [%emt 00:00:04]} 5.
O-O {[%clk 01:41:59] [%emt 00:00:36]} Nxe4 {[%clk 01:42:21] [%emt 00:00:07]} 6.
d4 {[%clk 01:41:39] [%emt 00:00:49]} b5 {[%clk 01:42:12] [%emt 00:00:39]} 7. Bb3
{[%clk 01:42:00] [%emt 00:00:10]} d5 {[%clk 01:42:37] [%emt 00:00:05]} 8. dxe5
{[%clk 01:42:06] [%emt 00:00:24]} Be6 {[%clk 01:43:00] [%emt 00:00:07]} 9. Nbd2
{[%clk 01:41:44] [%emt 00:00:51]} Nc5 {[%clk 01:41:42] [%emt 00:01:49]} 10. c3
{[%clk 01:41:46] [%emt 00:00:28]} d4 {[%clk 01:41:34] [%emt 00:00:39]} 11. Bc2
{[%clk 01:41:15] [%emt 00:01:01]} d3 {[%clk 01:37:25] [%emt 00:04:39]} 12. Bb1
{[%clk 01:41:39] [%emt 00:00:06]} Qd5 {[%clk 01:37:25] [%emt 00:00:29]} 13. a4
{[%clk 01:41:16] [%emt 00:00:53]} b4 {[%clk 01:23:28] [%emt 00:14:28]} 14. Ng5
{[%clk 01:41:20] [%emt 00:00:25]} b3 {[%clk 01:09:50] [%emt 00:14:08]} 15. c4
{[%clk 01:31:17] [%emt 00:10:33]} Qd7 {[%clk 00:55:32] [%emt 00:14:48]} 16. Nxe6
{[%clk 01:21:31] [%emt 00:10:16]} Qxe6 {[%clk 00:28:26] [%emt 00:27:36]} 17.
Nxb3 {[%clk 00:57:24] [%emt 00:24:37]} O-O-O {[%clk 00:28:36] [%emt 00:00:20]}
18. Be3 {[%clk 00:45:06] [%emt 00:12:47]} Qxe5 {[%clk 00:09:56] [%emt 00:19:11]}
19. Bxc5 {[%clk 00:36:20] [%emt 00:09:16]} Bxc5 {[%clk 00:10:25] [%emt
00:00:01]} 20. Bxd3 {[%clk 00:35:06] [%emt 00:01:45]} Nb4 {[%clk 00:08:00] [%emt
00:02:55]} 21. Qg4+ {[%clk 00:29:06] [%emt 00:06:29]} Kb8 {[%clk 00:08:29] [%emt
00:00:02]} 22. Be4 {[%clk 00:28:16] [%emt 00:01:20]} Rhe8 {[%clk 00:06:18] [%emt
00:02:40]} 23. Nxc5 {[%clk 00:21:27] [%emt 00:07:19]} Qxc5 {[%clk 00:06:46]
[%emt 00:00:02]} 24. Bf3 {[%clk 00:21:39] [%emt 00:00:18]} g6 {[%clk 00:06:28]
[%emt 00:00:48]} 25. Qh4 {[%clk 00:18:20] [%emt 00:03:49]} h5 {[%clk 00:04:18]
[%emt 00:02:40]} 26. a5 {[%clk 00:14:59] [%emt 00:03:51]} Qd4 {[%clk 00:01:39]
[%emt 00:03:09]} 27. Qg5 {[%clk 00:12:49] [%emt 00:02:39]} Re5 {[%clk 00:01:31]
[%emt 00:00:39]} 28. Qf6 {[%clk 00:12:02] [%emt 00:01:17]} Rf5 {[%clk 00:01:57]
[%emt 00:00:04]} 29. Qe7 {[%clk 00:11:41] [%emt 00:00:51]} Nd3 {[%clk 00:01:41]
[%emt 00:00:46]} 30. Ra3 {[%clk 00:09:14] [%emt 00:02:57]} Kc8 {[%clk 00:01:43]
[%emt 00:00:29]} 31. Qe4 {[%clk 00:06:26] [%emt 00:03:17]} Nxb2 {[%clk 00:00:43]
[%emt 00:01:31]} 32. Qb7+ {[%clk 00:05:02] [%emt 00:01:53]} Kd7 {[%clk 00:01:12]
[%emt 00:00:02]} 33. Re3 {[%clk 00:04:22] [%emt 00:01:08]} Rf6 {[%clk 00:00:36]
[%emt 00:01:07]} 34. Rfe1 {[%clk 00:04:03] [%emt 00:00:49]} 1-0

[Site "Europe Echecs"]

[Event "Grand Swiss "]
[Date "2025.09.13"]
[White "Matlakov, Maxim"]
[Black "Mamedov, Rauf"]
[WhiteElo "2609"]
[BlackElo "2651"]
[Round "8.8.33"]
[Result "0-1"]

1. Nf3 {[%clk 01:40:55] [%emt 00:00:05]} c5 {[%clk 01:40:43] [%emt 00:00:18]} 2.
c4 {[%clk 01:40:44] [%emt 00:00:40]} Nc6 {[%clk 01:40:39] [%emt 00:00:34]} 3. d4
{[%clk 01:38:39] [%emt 00:02:35]} cxd4 {[%clk 01:40:13] [%emt 00:00:57]} 4. Nxd4
{[%clk 01:39:03] [%emt 00:00:06]} Nf6 {[%clk 01:40:39] [%emt 00:00:03]} 5. Nc3
{[%clk 01:37:38] [%emt 00:01:56]} d5 {[%clk 01:40:58] [%emt 00:00:10]} 6. cxd5
{[%clk 01:29:34] [%emt 00:08:34]} Nxd5 {[%clk 01:40:45] [%emt 00:00:43]} 7. Nxc6
{[%clk 01:29:32] [%emt 00:00:33]} bxc6 {[%clk 01:40:51] [%emt 00:00:23]} 8. Bd2
{[%clk 01:28:43] [%emt 00:01:19]} e5 {[%clk 01:41:05] [%emt 00:00:17]} 9. g3
{[%clk 01:19:44] [%emt 00:09:29]} Rb8 {[%clk 01:40:11] [%emt 00:01:24]} 10. Na4
{[%clk 00:52:59] [%emt 00:27:15]} Bb4 {[%clk 01:40:34] [%emt 00:00:07]} 11. a3
{[%clk 00:52:49] [%emt 00:00:40]} Bxd2+ {[%clk 01:25:54] [%emt 00:15:10]} 12.
Qxd2 {[%clk 00:52:36] [%emt 00:00:43]} Nb6 {[%clk 01:26:10] [%emt 00:00:13]} 13.
Qxd8+ {[%clk 00:44:16] [%emt 00:08:51]} Kxd8 {[%clk 01:26:29] [%emt 00:00:10]}
14. O-O-O+ {[%clk 00:44:12] [%emt 00:00:34]} Ke7 {[%clk 01:19:37] [%emt
00:07:22]} 15. Nc5 {[%clk 00:43:50] [%emt 00:00:53]} Nd7 {[%clk 01:15:18] [%emt
00:04:49]} 16. Ne4 {[%clk 00:38:09] [%emt 00:06:10]} f5 {[%clk 00:59:00] [%emt
00:16:48]} 17. Nd6 {[%clk 00:34:14] [%emt 00:04:25]} Nf6 {[%clk 00:58:04] [%emt
00:01:26]} 18. Nxc8+ {[%clk 00:26:13] [%emt 00:08:31]} Rhxc8 {[%clk 00:58:22]
[%emt 00:00:12]} 19. Bg2 {[%clk 00:26:37] [%emt 00:00:06]} c5 {[%clk 00:52:51]
[%emt 00:06:02]} 20. Rd3 {[%clk 00:19:35] [%emt 00:07:31]} c4 {[%clk 00:32:04]
[%emt 00:21:17]} 21. Rc3 {[%clk 00:19:58] [%emt 00:00:07]} Nd7 {[%clk 00:32:25]
[%emt 00:00:10]} 22. Rd1 {[%clk 00:14:28] [%emt 00:05:59]} Nc5 {[%clk 00:30:16]
[%emt 00:02:39]} 23. Rd5 {[%clk 00:13:12] [%emt 00:01:46]} Ke6 {[%clk 00:26:44]
[%emt 00:04:02]} 24. f4 {[%clk 00:10:11] [%emt 00:03:31]} e4 {[%clk 00:20:04]
[%emt 00:07:10]} 25. Re5+ {[%clk 00:10:36] [%emt 00:00:05]} Kf6 {[%clk 00:20:32]
[%emt 00:00:03]} 26. g4 {[%clk 00:10:39] [%emt 00:00:27]} g6 {[%clk 00:09:50]
[%emt 00:11:12]} 27. gxf5 {[%clk 00:10:56] [%emt 00:00:12]} Nb3+ {[%clk
00:09:57] [%emt 00:00:23]} 28. Kd1 {[%clk 00:11:16] [%emt 00:00:10]} gxf5 {[%clk
00:10:23] [%emt 00:00:05]} 29. e3 {[%clk 00:05:09] [%emt 00:06:37]} a6 {[%clk
00:06:15] [%emt 00:04:38]} 30. a4 {[%clk 00:03:28] [%emt 00:02:10]} Rg8 {[%clk
00:03:23] [%emt 00:03:22]} 31. Rc2 {[%clk 00:01:14] [%emt 00:02:44]} c3 {[%clk
00:03:16] [%emt 00:00:37]} 32. Bf1 {[%clk 00:00:43] [%emt 00:01:01]} Rg1 {[%clk
00:02:47] [%emt 00:00:59]} 33. Ke1 {[%clk 00:00:58] [%emt 00:00:15]} Nd2 {[%clk
00:03:13] [%emt 00:00:04]} 0-1

[Site "Europe Echecs"]

[Event "Grand Swiss "]
[Date "2025.09.13"]
[White "Predke, Alexandr"]
[Black "Grandelius, Nils"]
[WhiteElo "2609"]
[BlackElo "2648"]
[Round "8.8.34"]
[Result "1/2-1/2"]

1. e4 {[%clk 01:39:57] [%emt 00:01:02]} e5 {[%clk 01:40:29] [%emt 00:00:31]} 2.
Nf3 {[%clk 01:40:20] [%emt 00:00:07]} Nc6 {[%clk 01:40:47] [%emt 00:00:11]} 3.
Bc4 {[%clk 01:40:45] [%emt 00:00:06]} Nf6 {[%clk 01:40:14] [%emt 00:01:02]} 4.
d3 {[%clk 01:41:08] [%emt 00:00:08]} Be7 {[%clk 01:39:57] [%emt 00:00:48]} 5.
O-O {[%clk 01:40:18] [%emt 00:01:20]} O-O {[%clk 01:40:15] [%emt 00:00:11]} 6.
Nbd2 {[%clk 01:40:27] [%emt 00:00:21]} d6 {[%clk 01:38:59] [%emt 00:01:46]} 7.
a4 {[%clk 01:39:36] [%emt 00:01:22]} h6 {[%clk 01:31:36] [%emt 00:07:53]} 8. a5
{[%clk 01:37:01] [%emt 00:03:05]} Rb8 {[%clk 01:22:02] [%emt 00:10:04]} 9. Re1
{[%clk 01:19:32] [%emt 00:17:59]} b6 {[%clk 01:16:05] [%emt 00:06:27]} 10. axb6
{[%clk 01:19:41] [%emt 00:00:21]} axb6 {[%clk 01:16:23] [%emt 00:00:12]} 11. c3
{[%clk 01:20:01] [%emt 00:00:09]} b5 {[%clk 01:04:53] [%emt 00:12:01]} 12. Bd5
{[%clk 01:10:22]} Bb7 {[%clk 00:57:55] [%emt 00:17:36]} 13. Nf1 {[%clk
01:06:18]} Ra8 {[%clk 00:48:01] [%emt 00:14:59]} 14. Rxa8 {[%clk 01:06:42]} Bxa8
{[%clk 00:47:46] [%emt 00:00:51]} 15. Ba2 {[%clk 01:03:29]} Qd7 {[%clk 00:33:52]
[%emt 00:18:07]} 16. Ne3 {[%clk 01:00:53]} Nd8 {[%clk 00:32:49] [%emt 00:04:38]}
17. Nf5 {[%clk 00:57:09]} Ne6 {[%clk 00:33:08] [%emt 00:04:25]} 18. N3h4 {[%clk
00:38:58]} Bd8 {[%clk 00:30:07] [%emt 00:22:13]} 19. Qf3 {[%clk 00:26:41]} Kh7
{[%clk 00:25:16] [%emt 00:18:07]} 20. Qh3 {[%clk 00:22:57]} Nf4 {[%clk 00:21:35]
[%emt 00:08:25]} 21. Bxf4 {[%clk 00:23:18]} exf4 {[%clk 00:22:03] [%emt
00:00:11]} 22. Nf3 {[%clk 00:23:34]} Ng8 {[%clk 00:19:07] [%emt 00:03:40]} 23.
e5 {[%clk 00:17:11]} Bxf3 {[%clk 00:16:02] [%emt 00:10:28]} 24. e6 {[%clk
00:14:55]} fxe6 {[%clk 00:13:47] [%emt 00:05:32]} 25. Bxe6 {[%clk 00:09:21]} Re8
{[%clk 00:09:50] [%emt 00:10:31]} 26. Nd4 {[%clk 00:09:43]} Bc6 {[%clk 00:09:12]
[%emt 00:01:15]} 27. f3 {[%clk 00:04:26] [%emt 00:05:48]} Nf6 {[%clk 00:06:06]
[%emt 00:03:36]} 28. Qf5+ {[%clk 00:02:46] [%emt 00:02:09]} Kh8 {[%clk 00:04:36]
[%emt 00:02:00]} 29. Qxf4 {[%clk 00:01:41] [%emt 00:01:36]} Rxe6 {[%clk
00:02:39] [%emt 00:02:27]} 30. Nxe6 {[%clk 00:02:07] [%emt 00:00:03]} Bd5 {[%clk
00:02:25] [%emt 00:00:45]} 31. Nd4 {[%clk 00:02:33] [%emt 00:00:04]} Bf7 {[%clk
00:01:04] [%emt 00:01:50]} 32. Qf5 {[%clk 00:01:58] [%emt 00:01:05]} Qxf5 {[%clk
00:00:55] [%emt 00:00:39]} 33. Nxf5 {[%clk 00:02:27] [%emt 00:00:02]} Bd5 {[%clk
00:00:52] [%emt 00:00:33]} 34. Kf2 {[%clk 00:01:59] [%emt 00:00:58]} Kg8 {[%clk
00:00:57] [%emt 00:00:23]} 35. Nd4 {[%clk 00:01:36] [%emt 00:00:55]} c6 {[%clk
00:01:01] [%emt 00:00:25]} 36. Nf5 {[%clk 00:02:04] [%emt 00:00:03]} Bb6+ {[%clk
00:00:56] [%emt 00:00:35]} 37. d4 {[%clk 00:01:11] [%emt 00:01:23]} c5 {[%clk
00:00:56] [%emt 00:00:30]} 38. Re7 {[%clk 00:00:48] [%emt 00:00:53]} cxd4 {[%clk
00:01:16] [%emt 00:00:10]} 39. Nxd4 {[%clk 00:00:33] [%emt 00:00:45]} Kf8 {[%clk
00:00:50] [%emt 00:00:56]} 40. Re1 {[%clk 00:00:56] [%emt 00:00:07]} Bxd4+
{[%clk 00:00:33] [%emt 00:00:48]} 41. cxd4 {[%clk 00:01:22] [%emt 00:00:03]} Bc4
{[%clk 00:38:08] [%emt 00:12:54]} 42. h4 {[%clk 00:50:21] [%emt 00:01:32]} Nd5
{[%clk 00:33:26] [%emt 00:05:12]} 43. Re6 {[%clk 00:50:15] [%emt 00:00:36]} Nc3
{[%clk 00:32:54] [%emt 00:01:03]} 44. Rxd6 {[%clk 00:50:40] [%emt 00:00:04]}
Nd1+ {[%clk 00:33:20] [%emt 00:00:04]} 45. Ke1 {[%clk 00:39:52] [%emt 00:11:18]}
Nxb2 {[%clk 00:33:45] [%emt 00:00:05]} 46. Rb6 {[%clk 00:40:18] [%emt 00:00:04]}
Nd3+ {[%clk 00:29:08] [%emt 00:05:06]} 47. Kd2 {[%clk 00:40:45] [%emt 00:00:03]}
Nf4 {[%clk 00:29:05] [%emt 00:00:33]} 48. g4 {[%clk 00:40:45] [%emt 00:00:30]}
Nd5 {[%clk 00:29:03] [%emt 00:00:32]} 49. Rc6 {[%clk 00:40:20] [%emt 00:00:56]}
Ne7 {[%clk 00:23:34] [%emt 00:05:58]} 50. Rb6 {[%clk 00:39:21] [%emt 00:01:30]}
Ke8 {[%clk 00:23:02] [%emt 00:01:00]} 51. h5 {[%clk 00:38:20] [%emt 00:01:32]}
Kd7 {[%clk 00:22:28] [%emt 00:01:04]} 52. Rb7+ {[%clk 00:37:46] [%emt 00:01:05]}
Ke8 {[%clk 00:19:53] [%emt 00:03:04]} 53. f4 {[%clk 00:36:42] [%emt 00:01:35]}
Kf8 {[%clk 00:19:30] [%emt 00:00:52]} 54. Rb8+ {[%clk 00:36:07] [%emt 00:01:05]}
Kf7 {[%clk 00:19:58] [%emt 00:00:01]} 55. Rb7 {[%clk 00:36:33] [%emt 00:00:05]}
Kf8 {[%clk 00:15:53] [%emt 00:04:34]} 56. Rb8+ {[%clk 00:36:52] [%emt 00:00:13]}
Kf7 {[%clk 00:16:20] [%emt 00:00:02]} 57. Rb7 {[%clk 00:37:17] [%emt 00:00:05]}
1/2-1/2

[Site "Europe Echecs"]